Statistics for Largest Cities and Towns of MARYLAND by First Letter

Click here to take the quiz!

General Stats

  • This quiz has been taken 144 times
  • The average score is 6 of 22

Answer Stats

LetterPopulationCITY/TOWN% Correct
B602,495Baltimore
98%
A39,174Annapolis
91%
F72,146Frederick
73%
G68,289Gaithersburg
52%
R68,401Rockville
51%
H40,205Hagerstown
47%
S32,807Salisbury
43%
L25,906Laurel
30%
C32,196College Park
29%
O6,969Ocean City
28%
E16,494Easton
25%
W18,648Westminster
19%
T17,768Takoma Park
6%
K2,394Kensington
5%
M9,416Mount Airy
4%
Q676Queenstown
4%
D5,984District Heights
3%
N13,023New Carrollton
3%
P5,269Poolesville
3%
U2,641University Park
3%
I3,807Indian Head
2%
V265Vienna
2%

Score Distribution

Percentile by Number Answered

Percent of People with Each Score

Your Score History

You have not taken this quiz